LEADER 03632nam 2200661 a 450 001 9910455415603321 005 20200520144314.0 010 $a1-282-35596-1 010 $a9786612355967 010 $a0-520-92462-2 024 7 $a10.1525/9780520924628 035 $a(CKB)1000000000799444 035 $a(EBL)470983 035 $a(OCoLC)609850130 035 $a(SSID)ssj0000295498 035 $a(PQKBManifestationID)11225135 035 $a(PQKBTitleCode)TC0000295498 035 $a(PQKBWorkID)10316093 035 $a(PQKB)10095228 035 $a(StDuBDS)EDZ0000055976 035 $a(MiAaPQ)EBC470983 035 $a(DE-B1597)520940 035 $a(DE-B1597)9780520924628 035 $a(Au-PeEL)EBL470983 035 $a(CaPaEBR)ebr10504610 035 $a(CaONFJC)MIL235596 035 $a(EXLCZ)991000000000799444 100 $a20060818d2006 uy 0 101 0 $aeng 135 $aurcn||||||||| 181 $ctxt 182 $cc 183 $acr 200 10$aErotic grotesque nonsense$b[electronic resource] $ethe mass culture of Japanese modern times /$fMiriam Silverberg 210 $aBerkeley $cUniversity of California Press$dc2006 215 $a1 online resource (423 p.) 225 1 $aAsia Pacific modern ;$v1 300 $a"A Philip E. Lilienthal book in Asian studies"--Jacket. 311 $a0-520-26008-2 311 $a0-520-22273-3 320 $aIncludes bibliographical references (p. 327-343) and index. 327 $aJapanese modern times -- Japanese modern within modernity -- Japanese modern sites -- The modern girl as militant (movement on the streets) -- The cafe? waitress sang the blues -- Friends of the movies (from Ero to empire) -- The household becomes modern life -- Asakusa--honky-tonk tempo -- Asakusa eroticism -- Down-and-out grotesquerie -- Modern nonsense. 330 $aThis history of Japanese mass culture during the decades preceding Pearl Harbor argues that the new gestures, relationship, and humor of ero-guro-nansensu (erotic grotesque nonsense) expressed a self-consciously modern ethos that challenged state ideology and expansionism. Miriam Silverberg uses sources such as movie magazines, ethnographies of the homeless, and the most famous photographs from this era to capture the spirit, textures, and language of a time when the media reached all classes, connecting the rural social order to urban mores. Employing the concept of montage as a metaphor that informed the organization of Japanese mass culture during the 1920's and 1930's, Silverberg challenges the erasure of Japanese colonialism and its legacies. She evokes vivid images from daily life during the 1920's and 1930's, including details about food, housing, fashion, modes of popular entertainment, and attitudes toward sexuality. Her innovative study demonstrates how new public spaces, new relationships within the family, and an ironic sensibility expressed the attitude of Japanese consumers who identified with the modern as providing a cosmopolitan break from tradition at the same time that they mobilized for war. 410 0$aAsia Pacific modern ;$v1. 606 $aPopular culture$zJapan$xHistory$y20th century 607 $aJapan$xCivilization$y1912-1926 607 $aJapan$xCivilization$y1926-1945 608 $aElectronic books. 615 0$aPopular culture$xHistory 676 $a306.0952/09041 700 $aSilverberg$b Miriam Rom$f1951-2008.$01034928 801 0$bMiAaPQ 801 1$bMiAaPQ 801 2$bMiAaPQ 906 $aBOOK 912 $a9910455415603321 996 $aErotic grotesque nonsense$92454341 997 $aUNINA LEADER 01781nas 2200649- 450 001 996447951203316 005 20230317213030.0 011 $a2772-5294 035 $a(DE-599)ZDB3102718-0 035 $a(OCoLC)1287270734 035 $a(CKB)5440000000000030 035 $a(CONSER)--2022204285 035 $a(EXLCZ)995440000000000030 100 $a20210825a20219999 o-- a 101 0 $aeng 135 $aur||||||||||| 181 $ctxt$2rdacontent 182 $cc$2rdamedia 183 $acr$2rdacarrier 200 00$aBrain & spine 210 1$a[Amsterdam] :$cElsevier B.V.,$d[2021]- 215 $a1 online resource 300 $aRefereed/Peer-reviewed 517 1 $aBrain and spine 531 10$aBrain Spine 606 $aNeurosciences$vPeriodicals 606 $aBrain$vPeriodicals 606 $aSpine$vPeriodicals 606 $aBrain 606 $aSpine 606 $aNervous System Physiological Phenomena 606 $aCerveau 606 $aColonne vertébrale 606 $abrains$2aat 606 $aNeurosciences$2fast$3(OCoLC)fst01036509 606 $aBrain$2fast$3(OCoLC)fst00837570 606 $aSpine$2fast$3(OCoLC)fst01129919 608 $aPeriodicals.$2fast 608 $aPeriodical 615 0$aNeurosciences 615 0$aBrain 615 0$aSpine 615 2$aBrain 615 2$aSpine 615 2$aNervous System Physiological Phenomena 615 6$aCerveau. 615 6$aColonne vertébrale. 615 7$abrains. 615 7$aNeurosciences. 615 7$aBrain. 615 7$aSpine. 712 02$aSpine Society of Europe, 712 02$aEuropean Association of Neurosurgical Societies, 906 $aJOURNAL 912 $a996447951203316 996 $aBrain & spine$92997443 997 $aUNISA LEADER 04236nam 2200493 450 001 9910688240803321 005 20231214145408.0 035 $a(CKB)3710000000631111 035 $a(oapen)https://directory.doabooks.org/handle/20.500.12854/54519 035 $a(EXLCZ)993710000000631111 100 $a20160411d2016 c0 0 101 0 $aeng 135 $aur||#---uu||| 181 $ctxt$2rdacontent 182 $cc$2rdamedia 183 $acr$2rdacarrier 200 00$aNeuronal self-defense $ecompensatory mechanisms in neurodegenerative disorders /$fedited by: Rosanna Parlato and Pier Giorgio Mastroberardino 210 $cFrontiers Media SA$d2016 210 1$a[Lausanne, Switzerland] :$cFrontiers Media SA,$d2016. 210 4$d©2016 215 $a1 online resource (190 pages) $cillustrations; digital file(s) 225 1 $aFrontiers Research Topics 225 0 $aFrontiers in Cellular Neuroscience. 311 $a2-88919-759-X 320 $aIncludes bibliographical references. 330 3 $aNeurodegenerative disorders are characterized by the progressive loss of specific populations of neurons with consequent deterioration of brain?s function and dramatic impact on human behavior. At present, there are no effective cures for neurodegenerative diseases. Because unambiguous diagnosis is possible only after manifestation of symptoms, when a large proportion of neurons has been already lost, therapies are necessarily confined to alleviation of symptoms. Development of cures halting the disease course is hampered by our rudimentary understanding of the etiopathology. Most neurodegenerative disorders are sporadic and age-related and - even for those of known genetic origin - the mechanisms influencing disease onset and progression have not been fully characterized. The different diseases, however, share important similarities in the mechanisms responsible for neuronal loss, which is caused by a combination of endogenous and exogenous challenges. Trophic deprivation, oxidative stress, accumulation of abnormal protein aggregates, and bioenergetics defects have been described in most, if not all, neurodegenerative disease.To counterbalance these noxious stimuli cells deploy, at least during the initial pathogenic states, intrinsic neuroprotective responses. These are general compensatory mechanisms, common to several neurodegenerative conditions, which reprogram cellular physiology to overcome stress. Adaptation includes strategies to optimize energetic resources, for instance reduction of rRNA synthesis to repress translation, suppression of transcription, and bioenergetics and metabolic redesign. Additional mechanisms include potentiation of antioxidant capacity, induction of endoplasmic reticulum (ER) stress, and activation of protein quality control systems and autophagy. Ineffective execution of these compensatory strategies severely threatens cellular homeostasis and favors onset of pathology. Therefore, a better understanding of these ?buffering? mechanisms and of their interconnections may help to devise more effective therapeutic tools to prolong neuronal survival and activity, independently of the original genetic mutations and stress insults.This Research Topic focuses on the initial compensatory responses protecting against failure of those mechanisms that sustaining neuronal survival and activity. The collection intends to summarize the state-of-the-art in this field and to propose novel research contributes, with the ultimate goal of inspiring novel studies aimed to contrast progression of neurodegenerative diseases. 410 0$aFrontiers research topics. 606 $aNervous system$xDegeneration$xResearch 606 $aNeuropsychiatry 610 $amodels 610 $astress response 610 $aCompensation 610 $amechanisms 610 $atran 610 $aNeurodegenerative disorders 615 0$aNervous system$xDegeneration$xResearch. 615 0$aNeuropsychiatry. 702 $aParlato$b Rosanna 702 $aMastroberardino$b Pier Giorgio 712 02$aFrontiers Research Foundation, 906 $aBOOK 912 $a9910688240803321 996 $aNeuronal self-defense$93122485 997 $aUNINA